000 00393nam a2200181Ia 4500
005 20250423100746.0
008 250422s9999 xx 000 0 und d
020 _a0-452-27907-0
050 _aPS3554.O3R34
100 _aE.L. Doctorow
245 0 _aRagtime
260 _aNew York
260 _bA Plume Book
260 _c1996
300 _a270 p
650 _aLiterature
942 _cBK
999 _c34254
_d34254